000 00371cam a22001337a 4500
008 180718b1965 xxu||||| |||| 00| 0 eng d
082 _aN122x54 T668
100 _aToy, Sidney
245 _aForfield cities of India
_cby Sidney Toy
260 _aHeinemann
_bLondon
_c1965
300 _axiv, 115p
650 _aFortification -India.
650 _aMilitary architecture -India
999 _c410168
_d410168